|
|
|
|
| LEADER |
00000nab a2200000 a 4500 |
| 001 |
vtls010569670 |
| 003 |
SK-MaSNL |
| 005 |
20260304185212.0 |
| 008 |
250708 2013 xo m p 000 0 slo |
| 015 |
|
|
|a SNBRB2013/12
|2 lmaosk
|
| 035 |
|
|
|a urn:nbn:sk:snk-ab83nj
|
| 035 |
|
|
|a (urnnbn)urn:nbn:sk:snk:ar-0067tx
|
| 035 |
|
|
|a (uuid)8ad14f86-d063-4c69-a4f1-17125184d7e9
|
| 040 |
|
|
|a SNKBUCL
|b slo
|c SNKBUCL
|e AACR2
|
| 041 |
0 |
|
|a slo
|
| 044 |
|
|
|a xo
|c SK
|
| 080 |
|
|
|a 001.891:355
|2 2001
|
| 080 |
|
|
|a (046)
|2 2001
|
| 100 |
1 |
|
|a Žiak, Jozef
|4 aut
|4 pht
|9 11588
|
| 245 |
1 |
0 |
|a Jedinečné centrum
|c text a foto Jozef Žiak
|
| 300 |
|
|
|b Fotogr.
|
| 610 |
1 |
7 |
|a Slovensko.
|b Ozbrojené sily.
|b Výcvikové analytické a zásobovacie centrum RCHBO (Čereňany, Slovensko)
|2 lmaosk
|9 1519524
|
| 650 |
0 |
7 |
|a vojenský výskum
|2 SNKPH
|9 4241
|
| 650 |
0 |
7 |
|a RCHBO (radiačná, chemická a biologická ochrana)
|2 lmaosk
|9 1312735
|
| 650 |
0 |
7 |
|a vojenský výcvik
|2 SNKPH
|9 58531
|
| 655 |
|
7 |
|a články
|2 SNKPH
|9 70601
|
| 773 |
0 |
|
|t Obrana
|g Roč. XXI, č. 12 (2013), s. 11
|x 1336-1910
|
| 850 |
|
|
|a Slovenská národná knižnica
|
| 852 |
|
|
|a Slovenská národná knižnica
|
| 856 |
4 |
1 |
|u http://www.mod.gov.sk/data/disk/casopis/Obrana_12_2013.pdf
|
| 954 |
|
|
|a odborná, vedecká literatúra pôvodná (slovenská)
|2 lita
|
| 958 |
|
|
|a article9
|
| 958 |
|
|
|a OND
|
| 958 |
|
|
|a EUIPO
|
| 999 |
|
|
|c 3041908
|d 3043838
|